[Event "18th Brasschaat Open 2018"]
[Site "Brasschaat"]
[Date "2018.08.21"]
[Round "4"]
[White "Baselmans, Luuk"]
[Black "Grochal, Joey"]
[Result "1-0"]
[WhiteElo "2100"]
[BlackElo "2300"]
[Annotator "TA"]
[PlyCount "83"]
[EventDate "2018.08.18"]
[EventType "swiss"]
[EventCountry "BEL"]
[SourceTitle "playchess.com"]
[Source "ChessBase"]
[SourceQuality "1"]

{[%evp 15,83,-28,-35,-18,-29,-31,-19,-51,-43,-34,-44,-55,-31,-33,-14,-15,0,0,0,0,-11,-7,0,-14,13,4,3,6,26,8,29,0,5,-26,-18,-18,13,12,17,29,51,54,73,32,32,30,33,31,30,1,21,14,15,16,66,75,189,187,187,188,222,227,199,225,1188,1179,958,40,900,852]} 1. e4 c5 2. c3 Nf6 3. e5 Nd5 4. d4 cxd4 5. Nf3 Nc6 6. cxd4 d6 7. exd6 Bg4 {B22: Sicilian: 2 c3} (7... Qxd6 8. Nc3 Bg4 9. Be2 e6 10. O-O Be7 11. Be3 O-O 12. Qb3 Rfd8 13. Rac1 Rab8 14. Rfd1 Nf4 15. Bxf4 Qxf4 16. d5 Bxf3 17. Bxf3 Nd4 18. Rxd4 Qxc1+ 19. Rd1 Qh6 {½-½ (33) Mamedov,R (2627)-Avrukh,B (2656) Cala Mayor 2008}) 8. Be2 e6 {LiveBook: 3 Games} ({Of course not} 8... exd6 $6 9. Nc3 $14) 9. Nc3 Bxd6 {The position is equal.} 10. h3 $146 ({Predecessor:} 10. Nxd5 exd5 11. O-O O-O 12. h3 Bh5 13. Bd2 Re8 14. Bc3 Qf6 15. Re1 Re4 16. Nd2 Rxe2 17. Rxe2 Bxe2 18. Qxe2 Bc7 19. Nf3 Bb6 20. Re1 h6 21. Qd3 {½-½ (21) Kalezic,B (2445)-Vuckovic,B (2525) Bar 2005}) 10... Bf5 11. a3 O-O 12. Nxd5 exd5 13. O-O Rc8 14. Bd3 Qf6 15. Be3 Na5 16. Bg5 Qg6 17. Nh4 Qxg5 18. Nxf5 Bb8 19. Qf3 Nb3 20. Rad1 Rcd8 $1 21. h4 Qf6 22. Rfe1 Kh8 23. Bb1 Na5 24. Qg4 Nc4 25. Re2 Rfe8 26. Rde1 Rxe2 27. Qxe2 {White threatens Qe8+! and mate.} Bd6 28. Nxd6 Nxd6 29. Qe7 $40 {[%mdl 128] White mounts an attack.} (29. Qe5 {is interesting.} Kg8 30. Qxf6 gxf6 31. f3 Rc8 32. Kf2) 29... Ne4 30. Qxf6 Nxf6 $14 {[%mdl 4096] Endgame KRB-KRN} 31. Ba2 {Re7 is the strong threat.} Rd7 $1 32. g4 h6 33. g5 hxg5 34. hxg5 Ne4 35. Bb1 f5 {[#]} (35... Rd8 $16 {might work better.}) 36. f3 $1 $18 Nd6 37. g6 {And now Bxf5! would win.} Rd8 38. Re5 Nc4 39. Rxf5 Nxb2 $2 (39... Kg8 40. Rf7 Nd6) 40. Ba2 Nc4 41. Rh5+ Kg8 {[#]} 42. Rxd5 $1 {[%mdl 512] Precision: White = 65%, Black = 52%.} 1-0

[Event "18th Brasschaat Open 2018"]
[Site "Brasschaat"]
[Date "2018.08.21"]
[Round "4"]
[White "Oudewaal, Vincent"]
[Black "Busschots, Johan"]
[Result "1/2-1/2"]
[WhiteElo "2070"]
[BlackElo "1823"]
[Annotator "NA RC"]
[PlyCount "103"]
[EventDate "2018.08.18"]
[EventType "swiss"]
[EventCountry "BEL"]
[SourceTitle "playchess.com"]
[Source "ChessBase"]
[SourceQuality "1"]
[TimeControl "40/5400+30:1800+30"]

1. c4 {[%emt 0:00:00]} e6 {[%emt 0:00:14]} 2. g3 {[%emt 0:00:00]} Nf6 {[%emt 0:00:14]} 3. Bg2 {[%emt 0:00:00]} d5 {[%emt 0:00:08]} 4. Nf3 {[%emt 0:00:01]} Be7 {[%emt 0:00:13]} 5. O-O {[%emt 0:00:08]} O-O {[%emt 0:00:04]} 6. b3 {[%emt 0:00:12]} c5 {[%emt 0:00:55]} 7. Bb2 {[%emt 0:00:14]} Nc6 {[%emt 0:01:31]} 8. e3 {[%emt 0:00:07]} b6 {[%emt 0:00:25]} 9. Nc3 {[%emt 0:01:09]} Bb7 {[%emt 0:02:54]} 10. cxd5 {[%emt 0:00:41]} exd5 {[%emt 0:00:31] LiveBook: 150 Games} 11. d4 {[%emt 0:00:12]} Rc8 {[%emt 0:03:56]} 12. dxc5 {[%emt 0:04:18]} bxc5 {[%emt 0:00:25]} 13. Rc1 {[%emt 0:03:21]} Re8 {[%emt 0:06:35]} 14. Nh4 $11 {[%emt 0:06:53]} Ne5 {[%emt 0:04:27]} 15. Qe2 {[%emt 0:15:49]} Qa5 {[%emt 0:08:23]} 16. Rfd1 {[%emt 0:14:09]} Ba6 {[%emt 0:01:06]} 17. Qc2 {[%emt 0:00:27]} c4 {[%emt 0:08:21]} 18. Nxd5 {[%emt 0:16:26]} Nd3 {[%emt 0:11:24]} 19. Nxe7+ {[%emt 0:01:59]} Rxe7 {[%emt 0:01:01]} 20. Bc3 {[%emt 0:07:55]} cxb3 {[%emt 0:09:10]} 21. Qd2 {[%emt 0:23:28]} Qxa2 {[%emt 0:01:59]} 22. Bxf6 {[%emt 0:01:21]} Rxc1 {[%emt 0:02:05]} 23. Qxc1 {[%emt 0:00:11]} Qxf2+ {[%emt 0:01:34]} 24. Kh1 {[%emt 0:00:06]} Qxf6 {[%emt 0:00:42]} 25. Rxd3 {[%emt 0:00:03]} Qb6 {[%emt 0:03:00]} 26. Rc3 {[%emt 0:01:35]} g6 {[%emt 0:02:11]} 27. Nf3 {[%emt 0:00:06]} b2 {[%emt 0:00:34]} 28. Qb1 {[%emt 0:00:13]} Bb7 {[%emt 0:13:17]} 29. Nd4 {[%emt 0:00:06]} Bxg2+ {[%emt 0:01:20]} 30. Kxg2 {[%emt 0:00:01]} Qb4 {[%emt 0:01:21]} 31. Rc8+ {[%emt 0:01:11]} Kg7 {[%emt 0:00:04]} 32. Rc2 {[%emt 0:00:04]} Rb7 {[%emt 0:00:46]} 33. Nf3 {[%emt 0:01:35]} a5 {[%emt 0:00:55]} 34. Nd2 {[%emt 0:01:06]} a4 {[%emt 0:00:38]} 35. Qa2 {[%emt 0:00:51]} b1=Q {[%emt 0:15:07]} 36. Nxb1 {[%emt 0:00:16]} Qxb1 {[%emt 0:00:00]} 37. Qxa4 {[%emt 0:00:00]} Qb6 {[%emt 0:00:00]} 38. Qd4+ {[%emt 0:00:45]} Qf6 {[%emt 0:00:00]} 39. Rf2 {[%emt 0:00:36]} Qxd4 {[%emt 0:00:00]} 40. exd4 {[%emt 0:00:02]} f5 {[%emt 0:00:00]} 41. h4 {[%emt 0:10:29]} h6 {[%emt 0:00:00]} 42. h5 {[%emt 0:00:28]} Rd7 {[%emt 0:00:00]} 43. hxg6 {[%emt 0:00:11]} Rxd4 {[%emt 0:00:00]} 44. Rxf5 {[%emt 0:00:08]} Kxg6 {[%emt 0:00:00]} 45. Ra5 {[%emt 0:00:09]} Rd6 {[%emt 0:00:00]} 46. Kh3 {[%emt 0:00:06]} Rc6 {[%emt 0:00:00]} 47. Kh4 {[%emt 0:00:06]} Rc4+ {[%emt 0:00:00]} 48. g4 {[%emt 0:00:07]} Rc6 {[%emt 0:00:00]} 49. Ra8 {[%emt 0:00:05]} Rb6 {[%emt 0:00:03]} 50. Rg8+ {[%emt 0:00:07]} Kh7 {[%emt 0:00:16]} 51. Rf8 {[%emt 0:00:07]} Kg6 {[%emt 0:00:13]} 52. Rf5 {[%emt 0:26:20]} 1/2-1/2

[Event "18th Brasschaat Open 2018"]
[Site "Brasschaat"]
[Date "2018.08.21"]
[Round "4"]
[White "Boudry, William"]
[Black "De Schouwer, Jonas"]
[Result "1-0"]
[WhiteElo "2044"]
[BlackElo "1790"]
[Annotator "NA RC"]
[PlyCount "106"]
[EventDate "2018.08.18"]
[EventType "swiss"]
[EventCountry "BEL"]
[SourceTitle "playchess.com"]
[Source "ChessBase"]
[SourceQuality "1"]
[TimeControl "40/5400+30:1800+30"]

1. e4 {[%emt 0:00:00]} e5 {[%emt 0:00:00]} 2. Nf3 {[%emt 0:00:13]} Nc6 {[%emt 0:00:00]} 3. Bc4 {[%emt 0:00:07]} Nf6 {[%emt 0:00:00]} 4. d3 {[%emt 0:00:06]} Be7 {[%emt 0:00:19]} 5. Bb3 {[%emt 0:00:06]} d6 {[%emt 0:03:17]} 6. c3 {[%emt 0:00:17]} O-O {[%emt 0:03:32]} 7. Nbd2 {[%emt 0:00:07]} Na5 {[%emt 0:02:47]} 8. Bc2 {[%emt 0:00:35]} c5 {[%emt 0:03:32]} 9. Nf1 {[%emt 0:00:05] LiveBook: 39 Games} Nc6 {[%emt 0:01:32]} 10. Ng3 {[%emt 0:00:06]} Qc7 {[%emt 0:02:25]} 11. O-O {[%emt 0:01:52]} h6 {[%emt 0:08:22]} 12. Qe2 {[%emt 0:00:42]} Be6 $11 {[%emt 0:06:48]} 13. Nh4 {[%emt 0:03:25]} d5 {[%emt 0:07:10]} 14. Nhf5 {[%emt 0:02:19]} Rad8 {[%emt 0:10:09]} 15. Ba4 {[%emt 0:07:20]} a6 {[%emt 0:12:16]} 16. Bxc6 {[%emt 0:01:04]} bxc6 {[%emt 0:01:37]} 17. f4 {[%emt 0:00:38]} c4 {[%emt 0:14:08]} 18. fxe5 {[%emt 0:07:14]} cxd3 {[%emt 0:02:18]} 19. Nxe7+ {[%emt 0:00:12]} Qxe7 {[%emt 0:00:37]} 20. exf6 {[%emt 0:00:10]} dxe2 {[%emt 0:05:11]} 21. fxe7 {[%emt 0:00:05]} exf1=Q+ {[%emt 0:00:35]} 22. Kxf1 {[%emt 0:00:11]} dxe4 {[%emt 0:00:33]} 23. exd8=R {[%emt 0:02:13]} Rxd8 {[%emt 0:00:22]} 24. Be3 {[%emt 0:00:32]} f5 {[%emt 0:03:15]} 25. h4 {[%emt 0:01:55]} f4 {[%emt 0:01:48]} 26. Bxf4 {[%emt 0:00:02]} Rf8 {[%emt 0:00:10]} 27. Nh5 {[%emt 0:02:28]} Bg4 {[%emt 0:03:31]} 28. Ke1 {[%emt 0:01:22]} Bxh5 {[%emt 0:00:13]} 29. g3 {[%emt 0:00:01]} Rd8 {[%emt 0:00:44]} 30. Kf2 {[%emt 0:00:26]} Bf3 {[%emt 0:00:32]} 31. a4 {[%emt 0:01:30]} Rd3 {[%emt 0:01:50]} 32. a5 {[%emt 0:00:44]} Kf7 {[%emt 0:01:16]} 33. Ra4 {[%emt 0:00:18]} Rd5 {[%emt 0:02:49]} 34. c4 {[%emt 0:01:40]} Rf5 {[%emt 0:00:36]} 35. Ke3 {[%emt 0:00:23]} Ke6 {[%emt 0:01:48]} 36. Bc7 {[%emt 0:01:28]} Kd7 {[%emt 0:00:56]} 37. Bb6 {[%emt 0:00:20]} g5 {[%emt 0:00:53]} 38. hxg5 {[%emt 0:00:14]} Rxg5 {[%emt 0:00:19]} 39. c5 {[%emt 0:03:50]} Rxg3 {[%emt 0:00:40]} 40. Rd4+ {[%emt 0:00:02]} Ke7 {[%emt 0:00:38]} 41. Rd6 {[%emt 0:30:56]} Bh1+ {[%emt 0:15:11]} 42. Kf4 {[%emt 0:00:00]} Rf3+ {[%emt 0:03:18]} 43. Kxe4 {[%emt 0:00:00]} Rf2+ {[%emt 0:05:28]} 44. Ke5 {[%emt 0:00:00]} Re2+ {[%emt 0:01:34]} 45. Kf5 {[%emt 0:00:00]} Rxb2 {[%emt 0:00:49]} 46. Bd8+ {[%emt 0:00:00]} Ke8 {[%emt 0:01:13]} 47. Bh4 {[%emt 0:00:00]} Rc2 {[%emt 0:02:00]} 48. Kg6 {[%emt 0:00:00]} Rg2+ {[%emt 0:01:56]} 49. Kxh6 {[%emt 0:00:00]} Rc2 {[%emt 0:00:44]} 50. Kg7 {[%emt 0:00:00]} Rg2+ {[%emt 0:01:30]} 51. Kf6 {[%emt 0:00:00]} Rg4 {[%emt 0:01:20]} 52. Bg5 {[%emt 0:00:00]} Bd5 {[%emt 0:00:54]} 53. Kf5 {[%emt 0:00:00]} Rg1 {[%emt 0:00:34] Ke4 [%clk 0:00:00]} 1-0

[Event "18th Brasschaat Open 2018"]
[Site "Brasschaat"]
[Date "2018.08.21"]
[Round "4"]
[White "Ismail, Tamer"]
[Black "Gottfried, Jonathan"]
[Result "1-0"]
[WhiteElo "1999"]
[BlackElo "1784"]
[Annotator "NA RC"]
[PlyCount "75"]
[EventDate "2018.08.18"]
[EventType "swiss"]
[EventCountry "BEL"]
[SourceTitle "playchess.com"]
[Source "ChessBase"]
[SourceQuality "1"]
[TimeControl "40/5400+30:1800+30"]

1. e4 {[%emt 0:00:00]} c5 {[%emt 0:00:00]} 2. Nf3 {[%emt 0:00:00]} d6 {[%emt 0:00:00]} 3. d4 {[%emt 0:00:00]} cxd4 {[%emt 0:00:00]} 4. Nxd4 {[%emt 0:00:00]} Nf6 {[%emt 0:00:00]} 5. f3 {[%emt 0:00:00]} e5 {[%emt 0:01:27]} 6. Nb3 {[%emt 0:00:43] LiveBook: 797 Games} Be7 {[%emt 0:01:26]} 7. c4 {[%emt 0:00:18]} O-O {[%emt 0:07:47]} 8. Be3 {[%emt 0:00:27]} Nc6 {[%emt 0:03:34]} 9. Be2 {[%emt 0:00:40]} Be6 {[%emt 0:01:57]} 10. Nc3 {[%emt 0:00:20]} Na5 {[%emt 0:02:15]} 11. Nd5 {[%emt 0:00:54]} Nxd5 {[%emt 0:06:02]} 12. cxd5 {[%emt 0:01:14]} Bd7 {[%emt 0:01:09]} 13. Nd2 {[%emt 0:01:17]} b6 {[%emt 0:01:17]} 14. b4 {[%emt 0:05:49]} Nb7 {[%emt 0:00:23]} 15. Ba6 {[%emt 0:00:02]} Rb8 $16 {[%emt 0:01:42]} 16. Rc1 {[%emt 0:03:34]} f5 {[%emt 0:04:42]} 17. O-O {[%emt 0:13:50]} f4 {[%emt 0:01:28]} 18. Bf2 {[%emt 0:00:08]} Bc8 {[%emt 0:12:21]} 19. Qc2 {[%emt 0:02:36]} Rf7 {[%emt 0:10:27]} 20. Qc6 {[%emt 0:05:27]} Bf8 {[%emt 0:06:04]} 21. Rc2 {[%emt 0:02:58]} Nc5 {[%emt 0:08:37]} 22. Bxc8 {[%emt 0:01:56]} Rxc8 {[%emt 0:00:05]} 23. Qb5 {[%emt 0:00:09]} Nd7 {[%emt 0:02:50]} 24. Rfc1 {[%emt 0:02:20]} Rxc2 {[%emt 0:01:00]} 25. Rxc2 {[%emt 0:00:01]} Nf6 {[%emt 0:04:09]} 26. Qc6 {[%emt 0:04:24]} Nh5 {[%emt 0:02:46]} 27. a4 {[%emt 0:00:44]} Qg5 {[%emt 0:01:49]} 28. Qc8 {[%emt 0:02:06]} Rf6 {[%emt 0:01:20]} 29. Qd8 {[%emt 0:02:09]} Ng3 {[%emt 0:01:45]} 30. b5 {[%emt 0:11:35]} Qh4 {[%emt 0:04:01]} 31. hxg3 {[%emt 0:01:28]} fxg3 {[%emt 0:00:12]} 32. Be3 {[%emt 0:00:05]} Qh2+ {[%emt 0:07:11]} 33. Kf1 {[%emt 0:00:30]} Qh4 {[%emt 0:00:06]} 34. Qd7 {[%emt 0:00:28]} Rxf3+ {[%emt 0:02:53]} 35. Nxf3 {[%emt 0:00:29]} Qxe4 {[%emt 0:00:14]} 36. Qe6+ {[%emt 0:00:30]} Kh8 {[%emt 0:00:08]} 37. Qf7 {[%emt 0:01:26]} Qd3+ {[%emt 0:02:08]} 38. Re2 {[%emt 0:00:04]} 1-0

[Event "18th Brasschaat Open 2018"]
[Site "Brasschaat"]
[Date "2018.08.21"]
[Round "4"]
[White "Sikkel, Dirk"]
[Black "Remijsen, Dave"]
[Result "1-0"]
[WhiteElo "1973"]
[BlackElo "1772"]
[Annotator "NA RC"]
[PlyCount "39"]
[EventDate "2018.08.18"]
[EventType "swiss"]
[EventCountry "BEL"]
[SourceTitle "playchess.com"]
[Source "ChessBase"]
[SourceQuality "1"]
[TimeControl "40/5400+30:1800+30"]

1. e4 {[%emt 0:00:00]} c5 {[%emt 0:00:00]} 2. Nf3 {[%emt 0:00:00]} d6 {[%emt 0:00:00]} 3. Bb5+ {[%emt 0:00:00]} Nd7 {[%emt 0:00:00]} 4. O-O {[%emt 0:00:37]} a6 {[%emt 0:00:00]} 5. Bxd7+ {[%emt 0:00:45]} Bxd7 {[%emt 0:00:11]} 6. d4 {[%emt 0:00:50]} cxd4 {[%emt 0:00:10]} 7. Qxd4 {[%emt 0:00:34] LiveBook: 482 Games} e5 {[%emt 0:00:41]} 8. Qd3 {[%emt 0:03:09]} Rc8 {[%emt 0:01:31]} 9. Na3 {[%emt 0:05:00]} b5 {[%emt 0:04:03]} 10. c4 {[%emt 0:01:37]} bxc4 {[%emt 0:02:12]} 11. Nxc4 {[%emt 0:00:33]} Bb5 {[%emt 0:04:11]} 12. Nfd2 $14 {[%emt 0:01:35]} Nf6 {[%emt 0:02:00]} 13. b3 {[%emt 0:02:14]} d5 {[%emt 0:13:22]} 14. exd5 {[%emt 0:03:19]} Qxd5 {[%emt 0:02:49]} 15. Qf5 {[%emt 0:03:52]} Nd7 {[%emt 0:04:29]} 16. Bb2 {[%emt 0:01:59]} g6 {[%emt 0:13:58]} 17. Qh3 {[%emt 0:02:09]} f5 {[%emt 0:06:58]} 18. Rad1 {[%emt 0:02:01]} Bg7 {[%emt 0:03:37]} 19. Nf3 {[%emt 0:01:38]} Qe6 {[%emt 0:03:54]} 20. Nd6+ {[%emt 0:00:58]} 1-0

[Event "18th Brasschaat Open 2018"]
[Site "Brasschaat"]
[Date "2018.08.21"]
[Round "4"]
[White "De Bock, Thijs"]
[Black "Mitran, Anthony Cristian"]
[Result "0-1"]
[WhiteElo "1959"]
[BlackElo "2096"]
[Annotator "NA RC"]
[PlyCount "156"]
[EventDate "2018.08.18"]
[EventType "swiss"]
[EventCountry "BEL"]
[SourceTitle "playchess.com"]
[Source "ChessBase"]
[SourceQuality "1"]
[TimeControl "40/5400+30:1800+30"]

1. e4 {[%emt 0:00:00]} g6 {[%emt 0:00:32]} 2. d4 {[%emt 0:00:00]} Bg7 {[%emt 0:00:02]} 3. Nc3 {[%emt 0:00:00]} d6 {[%emt 0:00:03]} 4. f4 {[%emt 0:00:00]} Nd7 {[%emt 0:00:04]} 5. Nf3 {[%emt 0:00:00]} e6 {[%emt 0:01:09]} 6. Bd3 {[%emt 0:02:48]} Ne7 {[%emt 0:00:05]} 7. O-O {[%emt 0:00:04]} O-O {[%emt 0:00:41] LiveBook: 5 Games} 8. f5 {[%emt 0:00:08]} exf5 {[%emt 0:11:02]} 9. exf5 {[%emt 0:00:33]} Nb6 {[%emt 0:00:08]} 10. Bg5 {[%emt 0:03:05]} f6 {[%emt 0:06:54]} 11. fxg6 {[%emt 0:00:45]} hxg6 $16 {[%emt 0:07:36]} (11... fxg5 $11 12. gxh7+ Kh8 13. Nxg5 Bf5 14. Bxf5 Nxf5) 12. Bc1 {[%emt 0:07:41]} d5 {[%emt 0:03:31]} 13. Qe1 {[%emt 0:10:51]} Bf5 {[%emt 0:07:39]} 14. a4 {[%emt 0:24:37]} Qd7 {[%emt 0:11:17]} 15. a5 {[%emt 0:03:20]} Nc4 {[%emt 0:06:52]} 16. Nh4 {[%emt 0:01:00]} Bxd3 {[%emt 0:02:05]} 17. cxd3 {[%emt 0:00:02]} Nd6 {[%emt 0:00:14]} 18. Qg3 {[%emt 0:03:59]} g5 {[%emt 0:06:43]} 19. Nf3 {[%emt 0:00:54]} c6 {[%emt 0:01:32]} 20. Na4 {[%emt 0:03:13]} Nef5 {[%emt 0:02:54]} 21. Qg4 {[%emt 0:00:05]} Qf7 {[%emt 0:00:39]} 22. h4 {[%emt 0:03:44]} Nh6 {[%emt 0:01:00]} 23. Qg3 {[%emt 0:00:08]} Ndf5 {[%emt 0:00:10]} 24. Qf2 {[%emt 0:02:08]} Ng4 {[%emt 0:01:27]} 25. Qd2 {[%emt 0:06:10]} gxh4 {[%emt 0:04:58]} 26. Qf4 {[%emt 0:01:52]} Qh5 {[%emt 0:00:13]} 27. Nh2 {[%emt 0:01:47]} Ngh6 {[%emt 0:04:28]} 28. Nc5 {[%emt 0:00:44]} Ng3 {[%emt 0:03:17]} 29. Qf3 {[%emt 0:02:28]} Qxf3 {[%emt 0:00:44]} 30. Rxf3 {[%emt 0:00:02]} Ne2+ {[%emt 0:00:08]} 31. Kf2 {[%emt 0:01:20]} Nxd4 {[%emt 0:00:01]} 32. Rf4 {[%emt 0:00:45]} f5 {[%emt 0:04:58]} 33. Rxh4 {[%emt 0:05:18]} Ng4+ {[%emt 0:00:01]} 34. Kf1 {[%emt 0:01:17]} Rae8 {[%emt 0:01:20]} 35. Bf4 {[%emt 0:02:34]} Nc2 {[%emt 0:01:12]} 36. Rc1 {[%emt 0:00:39]} Nce3+ {[%emt 0:00:38]} 37. Bxe3 {[%emt 0:01:53]} Nxe3+ {[%emt 0:03:20]} 38. Kg1 {[%emt 0:00:01]} Bxb2 {[%emt 0:01:28]} 39. Rb1 {[%emt 0:00:32]} Bf6 {[%emt 0:00:14]} 40. Ra4 {[%emt 0:01:44]} Re7 {[%emt 0:05:19]} 41. Rxb7 {[%emt 0:35:19]} Rxb7 {[%emt 0:30:38]} 42. Nxb7 {[%emt 0:00:03]} Rf7 {[%emt 0:00:17]} 43. a6 {[%emt 0:01:25]} Rg7 {[%emt 0:00:14]} 44. Ra2 {[%emt 0:00:05]} Bd4 {[%emt 0:00:14]} 45. Nf3 {[%emt 0:00:04]} Bb6 {[%emt 0:01:33]} 46. d4 {[%emt 0:00:30]} Rg4 {[%emt 0:01:42]} 47. Re2 {[%emt 0:03:41]} f4 {[%emt 0:00:00]} 48. Rb2 {[%emt 0:00:00]} Nc4 {[%emt 0:00:00]} 49. Re2 {[%emt 0:00:00]} Kh7 {[%emt 0:00:00]} 50. Kh1 {[%emt 0:00:00]} Ne3 {[%emt 0:00:00]} 51. Rb2 {[%emt 0:00:00]} Nf5 {[%emt 0:00:00]} 52. Rxb6 {[%emt 0:00:00]} axb6 {[%emt 0:00:00]} 53. Nd8 {[%emt 0:00:00]} Rg8 {[%emt 0:00:00]} 54. Ng5+ {[%emt 0:00:00]} Rxg5 {[%emt 0:00:00]} 55. a7 {[%emt 0:00:00]} Rh5+ {[%emt 0:00:00]} 56. Kg1 {[%emt 0:00:00]} Ng3 {[%emt 0:00:00]} 57. Kf2 {[%emt 0:00:00]} Rh1 {[%emt 0:00:00]} 58. Kf3 {[%emt 0:00:00]} Rf1+ {[%emt 0:00:00]} 59. Kg4 {[%emt 0:00:00]} Ra1 {[%emt 0:00:00]} 60. Nxc6 {[%emt 0:00:00]} Ne2 {[%emt 0:00:00]} 61. Kf3 {[%emt 0:00:00]} Nc3 {[%emt 0:00:00]} 62. Kxf4 {[%emt 0:00:00]} Nb5 {[%emt 0:00:00]} 63. Ke5 {[%emt 0:00:00]} Nxa7 {[%emt 0:00:00]} 64. Nb4 {[%emt 0:00:00]} Rg1 {[%emt 0:00:00]} 65. g4 {[%emt 0:00:00]} Rxg4 {[%emt 0:00:00]} 66. Nxd5 {[%emt 0:00:00]} Kg7 {[%emt 0:00:00]} 67. Nxb6 {[%emt 0:00:00]} Nc6+ {[%emt 0:00:00]} 68. Kd5 {[%emt 0:00:00]} Nxd4 {[%emt 0:00:00]} 69. Nc4 {[%emt 0:00:00]} Nf5 {[%emt 0:00:00]} 70. Ne5 {[%emt 0:00:00]} Ne3+ {[%emt 0:01:20]} 71. Kc5 {[%emt 0:00:00]} Rg5 {[%emt 0:02:11]} 72. Kd4 {[%emt 0:00:00]} Nc2+ {[%emt 0:01:17]} 73. Ke4 {[%emt 0:00:00]} Kf6 {[%emt 0:00:32]} 74. Nd3 {[%emt 0:00:00]} Nb4 {[%emt 0:01:27]} 75. Nf4 {[%emt 0:00:00]} Re5+ {[%emt 0:00:37]} 76. Kd4 {[%emt 0:00:00]} Kf5 {[%emt 0:00:53]} 77. Ng2 {[%emt 0:00:00]} Nc2+ {[%emt 0:00:50]} 78. Kc3 {[%emt 0:00:00]} Kg4 {[%emt 0:00:22]} 0-1

[Event "18th Brasschaat Open 2018"]
[Site "Brasschaat"]
[Date "2018.08.21"]
[Round "4"]
[White "Gorts, Sven"]
[Black "Draftian, Ashote"]
[Result "0-1"]
[WhiteElo "1901"]
[BlackElo "2247"]
[Annotator "TA"]
[PlyCount "80"]
[EventDate "2018.08.18"]
[EventType "swiss"]
[EventCountry "BEL"]
[SourceTitle "playchess.com"]
[Source "ChessBase"]
[SourceQuality "1"]

{[%evp 14,80,32,21,35,21,43,7,37,24,30,4,7,0,34,12,27,29,27,-2,0,0,3,-22,-14,-26,-23,-33,-29,-79,-37,-84,-87,-141,-136,-286,-279,-279,-279,-309,-300,-437,-320,-331,-310,-311,-262,-258,-249,-350,-258,-364,-240,-340,-348,-346,-340,-569,-559,-554,-551,-583,-567,-616,-601,-579,-579,-544,-506]} 1. e4 c5 2. Ne2 e6 3. d4 cxd4 4. Nxd4 a6 5. c4 Nf6 6. Nc3 Bb4 7. Qc2 Bxc3+ {B41: Sicilian: Kan Variation: 5 c4} (7... O-O 8. e5 Ng4 9. f4 Bc5 10. Nf3 Nc6 11. Ne4 Bb4+ 12. Nc3 Bc5 13. Ne4 Bb4+ 14. Nc3 d6 15. h3 {½-½ (50) Ninov,N (2600)-Brooks,I (2581) ICCF email 2009}) 8. bxc3 {LiveBook: 3 Games} d6 9. Be2 Nbd7 {[%cal Bb8d7,Bd7c5,Bc5a4][%mdl 32] The position is equal.} 10. O-O Nc5 11. f3 $146 ({Predecessor:} 11. Bd3 e5 12. Nb3 Qc7 13. f4 Nxd3 14. Qxd3 Be6 15. c5 dxc5 16. fxe5 {1-0 (27) Yildiz,B (2219)-Vasilevich,I (2354) Beijing 2008}) 11... Qc7 12. Be3 e5 13. Nb3 Na4 14. Rfd1 Be6 15. Nd2 Qc6 16. Kf2 O-O 17. Rab1 Nd7 {[%cal Bf6d7,Bd7f8,Bf8g6][%mdl 32]} 18. g4 Rfc8 19. Rdc1 Nac5 20. Rb2 Qc7 21. Kg3 Rab8 22. Bf1 Nf8 23. Nb3 (23. Kg2 $142) 23... Na4 $17 24. Nd2 (24. Rbb1 $17) 24... Nxb2 $19 25. Qxb2 Ng6 26. Bb6 Qe7 27. Bf2 (27. Kg2 $142) 27... Qh4+ 28. Kg2 Nf4+ 29. Kg1 Nh3+ 30. Bxh3 Qxh3 31. Qb6 (31. Ba7 $142) 31... h5 32. g5 (32. Qxd6 $142 hxg4 33. Qxe5) 32... Bxc4 33. Nxc4 (33. Qxd6 $142 Bxa2 34. Qxe5) 33... Rxc4 34. Qxd6 Re8 35. g6 $2 {[#]} (35. Qd3 {is a better defense.} Qc8 36. Be1) 35... Qxf3 {Black is clearly winning.} 36. gxf7+ Qxf7 37. Rf1 Qe6 38. Qd3 Rf8 39. Bg3 Rxf1+ 40. Kxf1 Rc8 {Precision: White = 21%, Black = 42%.} 0-1

[Event "18th Brasschaat Open 2018"]
[Site "Brasschaat"]
[Date "2018.08.22"]
[Round "5"]
[White "Dgebuadze, Alexandre"]
[Black "Mitran, Anthony Cristian"]
[Result "1/2-1/2"]
[WhiteElo "2511"]
[BlackElo "2096"]
[Annotator "TA"]
[PlyCount "62"]
[EventDate "2018.08.18"]
[EventType "swiss"]
[EventCountry "BEL"]
[SourceTitle "playchess.com"]
[Source "ChessBase"]
[SourceQuality "1"]

{[%evp 22,62,48,46,49,20,33,36,28,8,7,7,28,19,14,11,11,-12,32,-13,13,17,34,0,0,0,0,-12,28,0,0,0,2,0,20,18,13,-29,-47,-71,-80,-82,-18]} 1. e4 g6 2. d4 Bg7 3. Nc3 c6 4. Nf3 d5 5. h3 dxe4 6. Nxe4 Nd7 7. Bc4 Ngf6 8. Nxf6+ Nxf6 9. O-O O-O 10. Re1 b6 11. Qe2 {B15: Caro-Kann: 3 Nc3: 3...g6 and 3...dxe4 4 Nxe4 Nf6 5 Nxf6+ exf6} (11. Ne5 Bb7 12. Bg5 Nd5 13. Bh4 Rc8 14. Qf3 g5 15. Bg3 e6 16. Bb3 Qf6 17. Qh5 Nf4 18. Bxf4 Qxf4 {½-½ (43) Leko,P (2737)-Kamsky,G (2763) Beijing 2013}) 11... e6 12. Bg5 {LiveBook: 5 Games} Qc7 13. Qe5 {White is slightly better.} Nd5 14. Qxc7 Nxc7 15. a4 $146 ({Predecessor:} 15. Rad1 Nd5 16. Bb3 Bb7 17. c4 Nf6 18. Ne5 Rfe8 {1-0 (60) Garcia Playa,D (2023)-Valencia Jimenez,J (2124) Cerdanyola del Valles 2013}) 15... Ba6 16. Ba2 h6 17. Be7 Rfc8 18. c4 Bb7 19. Rad1 Ne8 20. Bh4 Bf6 21. Bg3 Rd8 22. Ne5 Nd6 23. Ng4 Bg7 $1 24. Be5 Bxe5 25. dxe5 Nf5 26. c5 Kg7 27. Nf6 Nd4 28. Ne4 {White wants to play Nd6.} Ba6 29. Kh2 Nc2 30. Rg1 Nb4 31. Bb1 Bd3 {Precision: White = 42%, Black = 57%.} (31... Rd5 $17) 1/2-1/2